[Event "FRA-ch 96th"]
[Site "L'Alpe d'Huez"]
[Date "2023.08.18"]
[Round "1.1"]
[White "Bauer, Christian"]
[Black "Laurent Paoli, Pierre"]
[Result "1/2-1/2"]
[WhiteElo "2568"]
[BlackElo "2529"]
[PlyCount "103"]
[EventDate "2023.08.18"]
[EventType "k.o."]
[EventRounds "4"]
[EventCountry "FRA"]
[SourceTitle "EXT 2024"]
[Source "ChessBase"]
[SourceDate "2023.10.10"]
[SourceVersion "1"]
[SourceVersionDate "2023.10.10"]
[SourceQuality "1"]

1. e4 e5 2. Nf3 Nc6 3. Bb5 Nf6 4. d3 Bc5 5. c3 d5 6. Qe2 0-0 7. Nbd2 dxe4 8. dxe4 a5 9. a4 Qe7 10. h3 Nd8 11. Bd3 Ne6 12. Nc4 Bd6 13. Be3 Nd7 14. 0-0 Qf6 15. Nxd6 cxd6 16. Rfd1 Nf4 17. Bxf4 exf4 18. Qd2 Ne5 19. Be2 Rd8 20. Qd4 Nxf3+ 21. Bxf3 Qxd4 22. Rxd4 Be6 23. Rad1 Bb3 24. R1d2 f6 25. Be2 Kf8 26. Bb5 Be6 27. Rxd6 Ke7 28. R6d4 g5 29. Kh2 h5 30. g3 fxg3+ 31. fxg3 h4 32. gxh4 gxh4 33. Rf2 Rxd4 34. cxd4 Rd8 35. d5 Bc8 36. Rf4 Rh8 37. Be2 Kd6 38. Rxf6+ Ke5 39. Rf7 Kxe4 40. Bf3+ Ke5 41. Re7+ Kd6 42. Re4 b6 43. Rc4 Bd7 44. b3 b5 45. axb5 Bxb5 46. Rf4 Bd7 47. Rf6+ Ke5 48. Ra6 Rb8 49. Rxa5 Rxb3 50. Bg2 Rb4 51. Ra7 Bf5 52. Re7+ 1/2-1/2

[Event "Ghent op 44th"]
[Site "Ghent"]
[Date "2023.07.19"]
[Round "9"]
[White "Miedema, David"]
[Black "Laurent Paoli, Pierre"]
[Result "0-1"]
[WhiteElo "2375"]
[BlackElo "2531"]
[PlyCount "82"]
[EventDate "2023.07.11"]
[EventType "swiss"]
[EventRounds "9"]
[EventCountry "BEL"]
[SourceTitle "EXT 2024"]
[Source "ChessBase"]
[SourceDate "2023.10.10"]
[SourceVersion "1"]
[SourceVersionDate "2023.10.10"]
[SourceQuality "1"]

1. e4 c6 2. d4 d5 3. e5 Bf5 4. Nf3 e6 5. Be2 c5 6. Be3 Qb6 7. Nc3 Nc6 8. 0-0 Qxb2 9. Qb1 Qxb1 10. Raxb1 0-0-0 11. dxc5 d4 12. Bg5 f6 13. Nb5 Bxc5 14. Bh4 a6 15. Nd6+ Bxd6 16. exd6 Bxc2 17. Bc4 Rxd6 18. Rb2 Bf5 19. Nd2 Nge7 20. g4 Bxg4 21. Ne4 Rhd8 22. Nxd6+ Rxd6 23. Bg3 e5 24. f4 e4 25. f5 Ne5 26. Be6+ Kc7 27. Bxe5 fxe5 28. Rg2 h5 29. h3 Bxh3 30. Rc1+ Rc6 31. Rxc6+ Kxc6 32. Rxg7 Bxf5 33. Rxe7 Kd6 34. Bxf5 Kxe7 35. Bc8 a5 36. Bxb7 e3 37. Kg2 Kd6 38. Kg3 Kc5 39. Bf3 d3 40. Bxh5 Kd4 41. Kf3 e4+ 0-1

[Event "Ghent op 44th"]
[Site "Ghent"]
[Date "2023.07.18"]
[Round "8"]
[White "Laurent Paoli, Pierre"]
[Black "Pijpers, Arthur"]
[Result "1-0"]
[WhiteElo "2531"]
[BlackElo "2465"]
[PlyCount "101"]
[EventDate "2023.07.11"]
[EventType "swiss"]
[EventRounds "9"]
[EventCountry "BEL"]
[SourceTitle "EXT 2024"]
[Source "ChessBase"]
[SourceDate "2023.10.10"]
[SourceVersion "1"]
[SourceVersionDate "2023.10.10"]
[SourceQuality "1"]

1. d4 Nf6 2. c4 g6 3. h4 Bg7 4. Nc3 c5 5. d5 d6 6. e4 e6 7. Be2 exd5 8. exd5 Nbd7 9. Nf3 Ng4 10. h5 0-0 11. h6 Bh8 12. Bg5 Qb6 13. Qb3 Re8 14. Kf1 Ndf6 15. Qxb6 axb6 16. Nd2 Bd7 17. Bf4 Nh5 18. Bxd6 Bd4 19. Bxg4 Bxg4 20. Nf3 Rac8 21. Kg1 f6 22. Rc1 Bxf3 23. gxf3 Kf7 24. Kg2 Rcd8 25. Bh2 Rd7 26. Rhe1 Rxe1 27. Rxe1 Bxc3 28. bxc3 f5 29. Bb8 b5 30. cxb5 Rxd5 31. a4 c4 32. Rb1 Nf6 33. Ba7 Rd2 34. Rb4 Nd5 35. Rxc4 g5 36. Bd4 Ra2 37. Rc5 Ke6 38. c4 Nf4+ 39. Kh2 Nd3 40. Rc7 Rxa4 41. Kg3 Rb4 42. b6 Rb1 43. Rxh7 Rh1 44. Kg2 Rd1 45. Be3 f4 46. Rxb7 fxe3 47. fxe3 Rd2+ 48. Kg3 Ne1 49. Rb8 Rg2+ 50. Kh3 Rg1 51. Rf8 1-0

[Event "Ghent op 44th"]
[Site "Ghent"]
[Date "2023.07.15"]
[Round "5"]
[White "Laurent Paoli, Pierre"]
[Black "Fernandez, Daniel Howard"]
[Result "1-0"]
[WhiteElo "2531"]
[BlackElo "2518"]
[PlyCount "93"]
[EventDate "2023.07.11"]
[EventType "swiss"]
[EventRounds "9"]
[EventCountry "BEL"]
[SourceTitle "EXT 2024"]
[Source "ChessBase"]
[SourceDate "2023.10.10"]
[SourceVersion "1"]
[SourceVersionDate "2023.10.10"]
[SourceQuality "1"]

1. e4 c5 2. Nf3 d6 3. d4 cxd4 4. Nxd4 Nf6 5. Nc3 a6 6. Be2 e5 7. Nb3 Be7 8. Be3 Be6 9. Bf3 0-0 10. 0-0 Ne8 11. Nd5 Bg5 12. Bxg5 Qxg5 13. Nb6 Ra7 14. Qd2 Qxd2 15. Nxd2 Nd7 16. Nxd7 Bxd7 17. Rfd1 b5 18. c4 Nf6 19. Be2 Rc8 20. f3 Kf8 21. b3 g5 22. Nf1 Ke7 23. Ne3 Rb7 24. Rd2 Be6 25. Rad1 Rb6 26. cxb5 axb5 27. a4 Rc3 28. Kf2 bxa4 29. bxa4 Rbb3 30. Rd3 Rxd3 31. Rxd3 Rxd3 32. Bxd3 Kd7 33. Bb5+ Kc7 34. a5 d5 35. exd5 Nxd5 36. Bc4 Kc6 37. Bxd5+ Bxd5 38. Nxd5 Kxd5 39. g4 Kc5 40. Ke3 Kb5 41. Ke4 Kxa5 42. Kxe5 Kb4 43. Kf6 Kc4 44. Kxf7 Kd4 45. Kg7 Ke3 46. Kxh7 Kxf3 47. h3 1-0

[Event "Ghent op 44th"]
[Site "Ghent"]
[Date "2023.07.12"]
[Round "2"]
[White "Dgebuadze, Alexandre"]
[Black "Laurent Paoli, Pierre"]
[Result "1/2-1/2"]
[WhiteElo "2433"]
[BlackElo "2531"]
[PlyCount "80"]
[EventDate "2023.07.11"]
[EventType "swiss"]
[EventRounds "9"]
[EventCountry "BEL"]
[SourceTitle "EXT 2024"]
[Source "ChessBase"]
[SourceDate "2023.10.10"]
[SourceVersion "1"]
[SourceVersionDate "2023.10.10"]
[SourceQuality "1"]

1. c4 e6 2. Nf3 Nf6 3. e3 d5 4. a3 Nbd7 5. Nc3 a6 6. b4 dxc4 7. Bxc4 b5 8. Be2 c5 9. bxc5 Bxc5 10. d4 Be7 11. Bd2 Bb7 12. 0-0 0-0 13. Qb1 Rc8 14. Rc1 e5 15. Be1 exd4 16. Nxd4 Ne5 17. a4 b4 18. Na2 a5 19. Rxc8 Qxc8 20. Nc1 Be4 21. Qb2 Nc4 22. Bxc4 Qxc4 23. Ncb3 Qd5 24. f3 Bg6 25. e4 Nxe4 26. fxe4 Bxe4 27. Qe2 Bc5 28. Bf2 Bxd4 29. Nxd4 Bxg2 30. Nf5 Qxf5 31. Kxg2 h6 32. Bg3 Rc8 33. Rf1 Qg6 34. Qf3 Rc2+ 35. Kh1 Ra2 36. Be5 Qe6 37. Qa8+ Kh7 38. Qe4+ Qg6 39. Qd5 Re2 40. Rg1 Rxe5 1/2-1/2

[Event "Ghent op 44th"]
[Site "Ghent"]
[Date "2023.07.11"]
[Round "1"]
[White "Laurent Paoli, Pierre"]
[Black "Maerevoet, Sim"]
[Result "1/2-1/2"]
[WhiteElo "2531"]
[BlackElo "2414"]
[PlyCount "141"]
[EventDate "2023.07.11"]
[EventType "swiss"]
[EventRounds "9"]
[EventCountry "BEL"]
[SourceTitle "EXT 2024"]
[Source "ChessBase"]
[SourceDate "2023.10.10"]
[SourceVersion "1"]
[SourceVersionDate "2023.10.10"]
[SourceQuality "1"]

1. e4 c5 2. Nf3 e6 3. d4 cxd4 4. Nxd4 Nf6 5. Nc3 Nc6 6. Be2 Qc7 7. Ndb5 Qb8 8. f4 a6 9. e5 axb5 10. exf6 b4 11. fxg7 Bxg7 12. Nb5 0-0 13. 0-0 f5 14. Rf3 Ra5 15. c3 bxc3 16. bxc3 d5 17. Be3 Bd7 18. Bb6 Ra6 19. Bc5 Rf6 20. c4 Rg6 21. cxd5 exd5 22. Rb1 Rxa2 23. Qxd5+ Be6 24. Qd1 Kh8 25. Rf2 Bg8 26. Qd3 Qd8 27. Qxd8 Nxd8 28. Bd3 Rc6 29. Be3 Rxf2 30. Kxf2 Be6 31. Bd4 Bd7 32. Bxg7+ Kxg7 33. Nd4 Rc5 34. Rb6 Bc8 35. Ke3 Nc6 36. Nf3 Kf6 37. g3 Ke7 38. Rb1 Ra5 39. Rb2 Kf6 40. Nd2 Ra1 41. Nc4 Ke7 42. Rb5 Ra2 43. Bxf5 Bxf5 44. Rxf5 Rxh2 45. Rb5 Nd8 46. g4 Kd7 47. Ne5+ Kc7 48. Nf3 Rh3 49. Kf2 Ne6 50. Rb4 Rh1 51. f5 Nc5 52. Kg2 Rd1 53. Kg3 h6 54. Rb2 Rd6 55. Ne5 Ne4+ 56. Kf4 Ng5 57. Rc2+ Kd8 58. Rb2 Kc7 59. Nf3 Nxf3 60. Kxf3 Ra6 61. Kg3 Ra1 62. Rh2 Ra6 63. Kh4 b5 64. Rc2+ Kd6 65. Rc8 b4 66. f6 Ke6 67. g5 hxg5+ 68. Kxg5 Ra1 69. Rc6+ Kf7 70. Rc7+ Kf8 71. Rc8+ 1/2-1/2